Dcery a synové Nilu. 2, v první polovině 20. století /

Hlavní autor: Bouchal, Martin
Korporativní autor: Západočeská univerzita. Filozofická fakulta
Další autoři: Písařová, Petra, Sudová, Aleška
Jazyk: Čeština
Vydáno: Plzeň : Západočeská univerzita v Plzni, 2012
Témata:
Fyzický popis: 106 s. ; 21 cm
Language note: Anglické resumé
Knihy
Uloženo v:
LEADER 02340nam a2200613 a 4500
001 nkc20142604494
003 CZ PrNK
005 20190801083047.0
007 ta
008 140707s2012 xr f 001 0dcze
015 |a cnb002604494 
020 |a 978-80-261-0158-1  |q (brož.) 
035 |a (OCoLC)890261391 
040 |a ABA001  |b cze 
041 0 |a cze  |b eng 
043 |a f-ua--- 
045 |a x1x5 
072 7 |a 94(62)  |x Dějiny Egypta a Súdánu  |2 Konspekt  |9 8 
080 |a 32(091)  |2 MRF 
080 |a 930.85  |2 MRF 
080 |a 929-058.1  |2 MRF 
080 |a 94(620)  |2 MRF 
080 |a (048.8:082)  |2 MRF 
100 1 |a Bouchal, Martin  |7 mzk2009491950  |4 aut 
245 1 0 |a Dcery a synové Nilu.  |n 2, v první polovině 20. století /  |c Martin Bouchal, Petra Písařová, Aleška Sudová 
246 3 |a Dcery a synové Nilu 2 
246 3 |a Dcery a synové Nilu v první polovině 20. století 
260 |a Plzeň :  |b Západočeská univerzita v Plzni,  |c 2012 
300 |a 106 s. ;  |c 21 cm 
500 |a Na obálce pod názvem: Fakulta filozofická Západočeské univerzity v Plzni 
500 |a Chronologický přehled 
504 |a Obsahuje bibliografie, bibliografické odkazy a rejstřík 
546 |a Anglické resumé 
648 4 |a 1914-1954 
648 7 |a 1901-1950  |7 ch460576  |2 czenas 
648 7 |a 20. století  |7 ch460558  |2 czenas 
650 0 7 |a politické dějiny  |7 ph311269  |z Egypt  |y 1901-1950  |2 czenas 
650 0 7 |a kulturní dějiny  |7 ph122020  |z Egypt  |y 1901-1950  |2 czenas 
650 0 7 |a osobnosti  |7 ph115615  |z Egypt  |y 20. století  |2 czenas 
650 0 9 |a political history  |z Egypt  |y 1901-1950  |2 eczenas 
650 0 9 |a cultural history  |z Egypt  |y 1901-1950  |2 eczenas 
650 0 9 |a celebrities  |z Egypt  |y 1901-1950  |2 eczenas 
651 7 |a Egypt  |7 ge129127  |x dějiny  |y 1901-1950  |2 czenas 
651 9 |a Egypt  |x history  |y 1901-1950  |2 eczenas 
655 7 |a kolektivní monografie  |7 fd501537  |2 czenas 
655 9 |a collective monographs  |2 eczenas 
700 1 |a Písařová, Petra  |7 jo2013753369  |4 aut 
700 1 |a Sudová, Aleška  |7 jo2013753375  |4 aut 
710 2 |a Západočeská univerzita.  |b Filozofická fakulta  |7 pna2005285429 
910 2 |a BOA001  |b 2-1305.008,2 
990 |a BK 
995 |a 01 
991 |b 201409  |c NOV  |e n 
996 6 |b 2610602980  |c 2-1305.008,2  |l MZK  |r Sklad / do 1 hodiny  |n 0  |p p.v.  |w 001453374  |u 000010  |a 1  |e BOA001  |j MZK50  |s P